| 000 | 00960nam a2200277 a 4500 | ||
|---|---|---|---|
| 001 | 000022237 | ||
| 005 | 20200930011638.0 | ||
| 008 | 100920s1984 sp r 000 f spa d | ||
| 020 | _a8432204943 | ||
| 040 |
_aDO-SdBNP _bspa _cBNPHU |
||
| 041 | 1 | 7 |
_aspa _hcat _2Código de idioma MARC |
| 082 |
_a863.64 _bG491d |
||
| 100 | 1 |
_aGimferrer, Pere, _d1945- _915551 |
|
| 240 | 1 | 0 |
_aDietari (1979-1980). _lEspañol. |
| 245 | 1 | 0 |
_aDietario (1979-1980) / : _bPere Gimferrer ; traducción del catalán por Basilio Losada ; prólogo de J.M. Castellet. |
| 260 |
_aBarcelona : _bSeix Barral, _c1984. |
||
| 300 |
_a229 p. ; _c20 cm. |
||
| 490 | 1 | _aBiblioteca breve | |
| 534 |
_pTítulo original en catalán: _tDietari (1979-1980) |
||
| 650 | 4 |
_aNovela española _91123 |
|
| 650 | 4 |
_aLiteratura española _xSiglo xx _916760 |
|
| 700 | 1 |
_aLosada, Basilio, _etr. _912953 |
|
| 700 | 1 |
_aCastellet, J. M., _epról. _945982 |
|
| 830 | 0 |
_aBiblioteca breve _913442 |
|
| 049 | _aBNGR | ||
| 999 |
_c21735 _d21735 |
||